Score 0/20 Timer 03:00
0 Plays Today
Band Missing Word % Correct
OasisAnger
92.3%
BlurGirls
90.9%
OasisChampagne
87.7%
OasisAlcohol
75.7%
PulpCommon
73.5%
BlurCoffee
72.1%
PulpRemember
70.4%
BlurCountry
65.2%
PulpDisco
63.4%
OasisIdle
53.6%
Band Missing Word % Correct
OasisTimes
52.2%
SuedeNitrate
49.2%
PulpAged
45.7%
SuedeMetal
39.7%
PulpHardcore
37.2%
SuedeFashion
35.8%
BlurDistance
33.6%
BlurChemical
25.9%
SuedeFlow
19.6%
SuedeGeneration
15.8%
Remove Ads.
Support Sporcle.
Get the best of Sporcle when you Go Orange. This ad-free experience offers more features, more stats, and more fun while also helping to support Sporcle. Thank you for becoming a member.

You're not logged in!

Compare scores with friends on all Sporcle quizzes.
OR
Log In

Show Comments

Extras

Top Quizzes Today


Score Distribution

Your Account Isn't Verified!

In order to create a playlist on Sporcle, you need to verify the email address you used during registration. Go to your Sporcle Settings to finish the process.

Report this User

Report this user for behavior that violates our Community Guidelines.

Details: